000 00352nam a2200133Ia 4500
005 20240408032043.0
008 240331s9999 xx 000 0 und d
082 _bWOM
_a331
245 0 _aWomen workers in the free trade zone of Sri Lanka
260 _aColombo :
_bVoiceof women publication /
_c1980
300 _a101, p.,
650 _aWomen
942 _cL
999 _c5480
_d5480